000 00261nam a2200109 a 4500
005 20140414131936.0
008 110120s19uu xx 00 eng d
050 _aREF 912
_bG89 2003
245 _aThe Grolier World Atlas.
650 _aAtlases.
999 _c112461
_d112461